000 00277nam a22001217a 4500
082 _a823
_bCLA/P
100 _aCLASSIC BOOKS
245 _aPETER PAN
260 _aDELHI
_bCLASSIC BOOKS INTERNATIONAL
_c2003
300 _a218
650 _aCHILDRENS ILLUSTRATED CLASSICS
942 _cBK
999 _c286
_d286